[Event "Acropolis 2008"]
[Site "Athens"]
[Date "2008.08.13"]
[Round "5.4"]
[White "Danielian, Elina"]
[Black "Svetushkin, Dmitry"]
[Result "1-0"]
[WhiteElo "2495"]
[BlackElo "2587"]
[PlyCount "103"]
[EventDate "2008.08.09"]

1. d4 d5 2. Nf3 c6 3. c4 Nf6 4. e3 Bg4 5. h3 Bxf3 6. Qxf3 e6 7. Nc3 Nbd7 8. Bd2
Bd6 9. Bd3 O-O 10. cxd5 exd5 11. g4 Bb4 12. g5 Ne8 13. h4 Nd6 14. O-O-O Qe7 15.
Qg2 b5 16. h5 f5 17. gxf6 Nxf6 18. Rdg1 Kh8 19. Nb1 a5 20. a3 Bxd2+ 21. Nxd2
Nfe4 22. Bxe4 dxe4 23. Rh4 Rf7 24. Rg4 Re8 25. Rg5 Qf6 26. Qh2 Nf5 27. R5g4 Nd6
28. Rg6 hxg6 29. hxg6+ Kg8 30. Qh7+ Kf8 31. gxf7 Qxf7 32. Rg4 Qg8 33. Rf4+ Ke7
34. Qg6 Kd7 35. Qg4+ Kc7 36. Qg3 Kb6 37. Rg4 Qd5 38. Rg5 Nf5 39. Qf4 g6 40.
Rxg6 b4 41. axb4 a4 42. Rf6 Ne7 43. Qd6 Qxd6 44. Nc4+ Ka6 45. Nxd6 Rh8 46. b5+
Ka5 47. bxc6 Kb4 48. Nxe4 Kb3 49. Nd2+ Ka2 50. e4 Rb8 51. Re6 Nc8 52. Re8 1-0

[Event "Acropolis 2008"]
[Site "Athens"]
[Date "2008.08.13"]
[Round "5.6"]
[White "Romanishin, Oleg M"]
[Black "Dembo, Yelena"]
[Result "1-0"]
[WhiteElo "2530"]
[BlackElo "2431"]
[PlyCount "127"]
[EventDate "2008.08.09"]

1. d4 Nf6 2. Nf3 g6 3. g3 Bg7 4. Bg2 O-O 5. O-O d6 6. a4 a5 7. Nc3 Nbd7 8. b3
e5 9. dxe5 dxe5 10. Ba3 Re8 11. Nd2 Bf8 12. Qc1 Bxa3 13. Qxa3 Qe7 14. Qxe7 Rxe7
15. Nde4 c6 16. Rfd1 Nxe4 17. Nxe4 f5 18. Nd6 Nc5 19. Nc4 Re8 20. e3 e4 21. Bf1
Kf8 22. Nb6 Rb8 23. Rd4 Ke7 24. Rad1 g5 25. Bc4 f4 26. exf4 Bg4 27. Re1 gxf4
28. Bf1 Rbd8 29. Rdxe4+ Nxe4 30. Rxe4+ Kd6 31. Rxf4 Be2 32. Nc4+ Bxc4 33. Bxc4
Re7 34. Rh4 Kc5 35. Bd3 Rd4 36. Rh5+ Rd5 37. Rh4 b5 38. Kg2 Rde5 39. Bxh7 bxa4
40. bxa4 Rb7 41. Bd3 Rb4 42. Rh8 Rxa4 43. h4 Rd4 44. h5 Red5 45. Ra8 Kb4 46.
Rb8+ Kc5 47. h6 Rd8 48. Rb3 a4 49. Rc3+ Kb6 50. h7 c5 51. Bc4 Rh8 52. Bg8 Kb5
53. Ra3 Kb4 54. Ra2 Rg4 55. f4 Rgxg8 56. hxg8=Q Rxg8 57. Kf3 Ra8 58. f5 Kc4 59.
Ke4 Re8+ 60. Kf4 Ra8 61. f6 Kd5 62. Kf5 a3 63. f7 c4 64. c3 1-0

[Event "Acropolis 2008"]
[Site "Athens"]
[Date "2008.08.13"]
[Round "5.9"]
[White "Zubarev, Alexander"]
[Black "Aloma Vidal, Robert"]
[Result "1-0"]
[WhiteElo "2517"]
[BlackElo "2388"]
[PlyCount "117"]
[EventDate "2008.08.09"]

1. e4 Nf6 2. e5 Nd5 3. d4 d6 4. c4 Nb6 5. exd6 cxd6 6. Nc3 g6 7. Be3 Bg7 8. Rc1
O-O 9. b3 e5 10. dxe5 dxe5 11. Qxd8 Rxd8 12. c5 N6d7 13. Nf3 Nc6 14. Bc4 Na5
15. Be2 b6 16. cxb6 Nxb6 17. O-O Bb7 18. Rfd1 Nc6 19. Nb5 Nd5 20. Rxd5 Rxd5 21.
Nc7 Nd4 22. Nxd4 exd4 23. Nxd5 Bxd5 24. Bd2 h5 25. Bc4 Bxc4 26. Rxc4 d3 27. Kf1
Rd8 28. b4 Bd4 29. a4 Rd7 30. b5 f6 31. Ke1 Re7+ 32. Be3 Bxe3 33. fxe3 Rxe3+
34. Kd2 Re2+ 35. Kxd3 Rxg2 36. Rc7 Rxh2 37. Rxa7 Rb2 38. Kc4 h4 39. a5 h3 40.
Rd7 h2 41. Rd1 Kf7 42. a6 Ra2 43. Kc5 Ke6 44. b6 Ra5+ 45. Kc6 Rxa6 46. Rh1 Ra2
47. b7 Rc2+ 48. Kb6 Rb2+ 49. Kc7 f5 50. Rxh2 Rxb7+ 51. Kxb7 f4 52. Kc6 g5 53.
Kc5 g4 54. Kd4 g3 55. Rh8 Kf5 56. Rg8 f3 57. Rxg3 Kf4 58. Rg8 f2 59. Rf8+ 1-0

[Event "Acropolis 2008"]
[Site "Athens"]
[Date "2008.08.13"]
[Round "5.11"]
[White "Kotanjian, Tigran"]
[Black "Sandalakis, Angelos"]
[Result "1/2-1/2"]
[WhiteElo "2578"]
[BlackElo "2341"]
[PlyCount "74"]
[EventDate "2008.08.09"]

1. d4 Nf6 2. c4 e6 3. Nc3 d5 4. cxd5 exd5 5. Bg5 Be7 6. e3 O-O 7. Bd3 c6 8. Qc2
Nbd7 9. Nf3 Re8 10. O-O Nf8 11. h3 Ne4 12. Bf4 Nxc3 13. bxc3 Bd6 14. Bxd6 Qxd6
15. c4 dxc4 16. Bxc4 Be6 17. Rab1 Bxc4 18. Qxc4 Re7 19. Rfc1 Rc7 20. a4 Rd8 21.
Nd2 Ne6 22. Nb3 Qd5 23. Rc2 h6 24. Rbc1 Qxc4 25. Rxc4 Kf8 26. f4 Re7 27. Kf2
Nc7 28. Re1 Nd5 29. Kf3 f5 30. Nc5 Rde8 31. e4 b6 32. exd5 Rxe1 33. Nd7+ Kg8
34. dxc6 R8e3+ 35. Kf2 R1e2+ 36. Kg1 Rg3 37. c7 Rgxg2+ 1/2-1/2

[Event "Acropolis 2008"]
[Site "Athens"]
[Date "2008.08.13"]
[Round "5.12"]
[White "Kolev, Atanas"]
[Black "Kanakaris, Georgios"]
[Result "1-0"]
[WhiteElo "2565"]
[BlackElo "2284"]
[PlyCount "95"]
[EventDate "2008.08.09"]

1. d4 Nf6 2. Nf3 g6 3. Bg5 Ne4 4. Bf4 Bg7 5. Nbd2 d5 6. e3 c5 7. c3 Nxd2 8.
Qxd2 c4 9. h4 h5 10. e4 dxe4 11. Ne5 Bxe5 12. Bxe5 f6 13. Bxb8 Rxb8 14. Bxc4 b5
15. Bb3 Qd6 16. O-O Be6 17. Qe3 Bc4 18. Bxc4 bxc4 19. Qxe4 Kf7 20. Qe2 Qd5 21.
b4 Rbg8 22. Rae1 e6 23. f4 Rb8 24. a4 Rb6 25. Rf3 a6 26. Re3 Rd6 27. Qf1 Kg7
28. Qf2 Re8 29. Qg3 Kf7 30. Qf2 Rc6 31. Qe2 Rd8 32. Rf1 Rc7 33. Qd1 Re7 34. Rf2
Rh8 35. Rb2 Rb7 36. Qe2 Rb6 37. Rb1 Kg7 38. Re1 Kf7 39. Kh1 Re8 40. f5 Qxf5 41.
Qxc4 Qf4 42. a5 Qxh4+ 43. Kg1 Rb5 44. Rxe6 Rxe6 45. Qc7+ Kf8 46. Rxe6 Rf5 47.
Re2 Rf4 48. Qd7 1-0

[Event "Acropolis 2008"]
[Site "Athens"]
[Date "2008.08.13"]
[Round "5.13"]
[White "Goumas, Georgios"]
[Black "Zhukova, Natalia"]
[Result "0-1"]
[WhiteElo "2276"]
[BlackElo "2489"]
[PlyCount "54"]
[EventDate "2008.08.09"]

1. e4 e6 2. d4 d5 3. Nd2 Nf6 4. e5 Nfd7 5. Bd3 c5 6. c3 Nc6 7. Ne2 a5 8. O-O a4
9. f4 cxd4 10. cxd4 a3 11. bxa3 Bxa3 12. Bxa3 Rxa3 13. Nb1 Ra8 14. Nbc3 O-O 15.
f5 exf5 16. Bxf5 Ne7 17. Bc2 Nb6 18. Ng3 Nc4 19. Qd3 Ng6 20. Bb3 Be6 21. Nf5
Ra5 22. Kh1 b5 23. a4 bxa4 24. Nxa4 Qa8 25. Qc3 Bxf5 26. Rxf5 Nb6 27. Qb4 Rb8
0-1

[Event "Acropolis 2008"]
[Site "Athens"]
[Date "2008.08.13"]
[Round "5.14"]
[White "Caselas Cabanas, Jacobo"]
[Black "Velcheva, Maria"]
[Result "1/2-1/2"]
[WhiteElo "2418"]
[BlackElo "2281"]
[PlyCount "66"]
[EventDate "2008.08.09"]

1. d4 d5 2. c4 e5 3. e3 exd4 4. exd4 Nf6 5. Nc3 Bb4 6. Bd3 O-O 7. Nge2 dxc4 8.
Bxc4 Nc6 9. O-O h6 10. a3 Bd6 11. Qd3 Bg4 12. h3 Bh5 13. g4 Nxg4 14. hxg4 Qh4
15. Bf4 Bxf4 16. Nxf4 Qxg4+ 17. Qg3 Nxd4 18. Qxg4 Bxg4 19. Kg2 g5 20. Nfd5 Bf3+
21. Kh2 c6 22. Ne3 b5 23. Ba2 Kg7 24. Rac1 Rad8 25. Nc2 Nxc2 26. Rxc2 Rfe8 27.
Nb1 Rd4 28. Kg3 Be2 29. Re1 Rg4+ 30. Kh3 Rh4+ 31. Kg3 Rg4+ 32. Kh3 Rh4+ 33. Kg3
Rg4+ 1/2-1/2

[Event "Acropolis 2008"]
[Site "Athens"]
[Date "2008.08.13"]
[Round "5.15"]
[White "Melia, Salome"]
[Black "Sigalas, Frangiskos"]
[Result "1/2-1/2"]
[WhiteElo "2416"]
[BlackElo "2242"]
[PlyCount "103"]
[EventDate "2008.08.09"]

1. e4 c5 2. Nf3 d6 3. c3 Nf6 4. h3 g6 5. Bd3 Bg7 6. Bc2 e5 7. d4 exd4 8. cxd4
O-O 9. O-O Nc6 10. dxc5 dxc5 11. Nc3 Be6 12. Bg5 h6 13. Be3 Qa5 14. Qd6 c4 15.
Qc5 Qxc5 16. Bxc5 Rfd8 17. Nb5 b6 18. Ba3 Ne8 19. Rad1 a6 20. Nc3 b5 21. Bc5
Bf8 22. Bb6 Rxd1 23. Rxd1 Rb8 24. Be3 Bg7 25. Bf4 Rd8 26. Rxd8 Nxd8 27. Ne5 g5
28. Bh2 Nf6 29. Kf1 Nd7 30. Nxd7 Bxd7 31. Bd6 Nc6 32. Ke1 Nd4 33. Bd1 Bf8 34.
Bxf8 Kxf8 35. Kd2 Ke7 36. Ke3 Ne6 37. g3 Nc5 38. h4 Bc6 39. Bc2 Kd6 40. f4
gxf4+ 41. gxf4 f6 42. a3 a5 43. Ne2 Ne6 44. Nd4 Ng7 45. a4 bxa4 46. Nxc6 Kxc6
47. Bxa4+ Kc5 48. Bd7 Kd6 49. Bg4 Kc5 50. Bd7 Kd6 51. Bg4 Kc5 52. Bd7 1/2-1/2

[Event "Acropolis 2008"]
[Site "Athens"]
[Date "2008.08.13"]
[Round "5.16"]
[White "Aggelis, Nikolaos"]
[Black "Mastrovasilis, Dimitrios"]
[Result "0-1"]
[WhiteElo "2271"]
[BlackElo "2563"]
[PlyCount "88"]
[EventDate "2008.08.09"]

1. Nc3 d5 2. e4 dxe4 3. Nxe4 Qd5 4. Nc3 Qa5 5. d4 Nf6 6. Bc4 Bf5 7. Nf3 c6 8.
Bd2 e6 9. Qe2 Bb4 10. O-O-O Nbd7 11. a3 Bxc3 12. Bxc3 Qc7 13. Ne5 Nxe5 14. Qxe5
O-O-O 15. f3 Rd7 16. Qxc7+ Kxc7 17. Bd2 Nd5 18. Bxd5 cxd5 19. Bf4+ Kd8 20. Rhe1
Ke7 21. b3 Rc8 22. Re2 Rdd8 23. Kb2 Rc6 24. c3 Rdc8 25. Re3 b5 26. Rde1 f6 27.
h4 h5 28. Rg1 Kf7 29. Rge1 a5 30. b4 axb4 31. axb4 e5 32. g4 hxg4 33. fxg4 exf4
34. Re7+ Kg6 35. gxf5+ Kxf5 36. Rxg7 Rxc3 37. Rd7 Re3 38. Rd1 Re2+ 39. Kb3 Re3+
40. Kb2 Ke4 41. h5 f3 42. h6 f2 43. h7 Kf3 44. Rc7 Rh8 0-1

[Event "Acropolis 2008"]
[Site "Athens"]
[Date "2008.08.13"]
[Round "5.17"]
[White "Managadze, Nikoloz"]
[Black "Stefanopoulos, Orestis"]
[Result "1-0"]
[WhiteElo "2444"]
[BlackElo "2279"]
[PlyCount "99"]
[EventDate "2008.08.09"]

1. Nf3 Nf6 2. e3 c5 3. b3 g6 4. Bb2 Bg7 5. Be2 d5 6. O-O O-O 7. d4 cxd4 8. exd4
Bg4 9. h3 Bxf3 10. Bxf3 Nc6 11. Re1 Qd7 12. Na3 Rfd8 13. Qe2 e6 14. Rad1 Rac8
15. c3 Ne7 16. g4 g5 17. c4 Ng6 18. Bc1 h6 19. c5 a6 20. b4 Ra8 21. Nb1 Qc7 22.
Nc3 Nf4 23. Bxf4 Qxf4 24. Qe3 Qb8 25. a4 Nd7 26. Ne2 Nf8 27. Bg2 Ng6 28. Qb3
Nf4 29. Nxf4 Qxf4 30. Qe3 Qf6 31. Rf1 Rd7 32. f4 gxf4 33. Rxf4 Qg5 34. Qf2 Qe7
35. Kh1 Kf8 36. Rf1 Kg8 37. Qc2 Qd8 38. Qd3 Qc7 39. h4 Re7 40. g5 hxg5 41. hxg5
Rd8 42. Bh3 e5 43. Rxf7 e4 44. Qe3 Rxf7 45. Be6 Re8 46. Bxd5 Ree7 47. g6 Qd7
48. Bxf7+ Kh8 49. Qg3 Bxd4 50. Qh4+ 1-0

[Event "Acropolis 2008"]
[Site "Athens"]
[Date "2008.08.13"]
[Round "5.22"]
[White "Angelis, Mihail"]
[Black "Asik, Josip"]
[Result "0-1"]
[WhiteElo "2224"]
[BlackElo "2368"]
[PlyCount "100"]
[EventDate "2008.08.09"]

1. e4 e6 2. d4 d5 3. exd5 exd5 4. Nf3 Nc6 5. Bb5 Bd6 6. Nc3 Nge7 7. Bg5 f6 8.
Be3 Bg4 9. h3 Bh5 10. g4 Bf7 11. a3 Qd7 12. Qd2 O-O-O 13. O-O-O g5 14. Rhg1 h5
15. Na4 hxg4 16. hxg4 Be6 17. Be2 Ng6 18. Kb1 Kb8 19. Ne1 Nf4 20. Bxf4 Bxf4 21.
Qc3 Qd6 22. Nc5 Bc8 23. Bb5 Ne7 24. Qb3 Ka8 25. Ned3 Bh2 26. Rge1 c6 27. Ba4 b5
28. Bxb5 cxb5 29. Qxb5 Qc6 30. Qb3 Bd6 31. Nb4 Qb6 32. Qf3 Rhf8 33. Ne6 Bxb4
34. Nxf8 Bxe1 35. Rxe1 Rxf8 36. Rxe7 Qd6 37. Rg7 Bb7 38. Qe3 Bc6 39. Re7 Bd7
40. f3 Rc8 41. c3 Rh8 42. Qe1 Rh1 43. Qxh1 Qxe7 44. Qh2 Bb5 45. Qh8+ Kb7 46.
Ka2 Bc4+ 47. Kb1 Bb3 48. Qh1 Kb6 49. Qf1 Qh7+ 50. Ka1 Qc2 0-1

[Event "Acropolis 2008"]
[Site "Athens"]
[Date "2008.08.13"]
[Round "5.23"]
[White "Kordis, Konstantinos"]
[Black "Sergeev, Aleksander"]
[Result "0-1"]
[WhiteElo "2216"]
[BlackElo "2354"]
[PlyCount "142"]
[EventDate "2008.08.09"]

1. e4 e5 2. Nf3 Nf6 3. Nxe5 d6 4. Nf3 Nxe4 5. Bd3 Nf6 6. O-O Be7 7. c3 O-O 8.
Bc2 Bg4 9. d4 c5 10. Re1 cxd4 11. cxd4 Nc6 12. Be3 Nb4 13. Bb3 d5 14. Nc3 Nc6
15. h3 Bh5 16. g4 Bg6 17. Ne5 Bb4 18. Bg5 Re8 19. Re3 Bxc3 20. bxc3 Na5 21. f4
h6 22. Bh4 Nxb3 23. Qxb3 Qb6 24. f5 Bh7 25. Rae1 Qxb3 26. axb3 Ne4 27. c4 f6
28. cxd5 Nd6 29. Nd7 Rxe3 30. Rxe3 Rd8 31. Re7 Bxf5 32. Nxf6+ gxf6 33. Bxf6 Ne8
34. Bh4 Bd7 35. Re5 Rc8 36. Re7 Rd8 37. Re5 Rb8 38. Re7 Bb5 39. Bg3 Rd8 40.
Rxb7 a6 41. Rb6 Rxd5 42. Be5 Kh7 43. h4 Rd7 44. g5 hxg5 45. hxg5 Kg8 46. Rh6
Rh7 47. Rxh7 Kxh7 48. Kf2 Kg6 49. Ke3 Kxg5 50. Kd2 Kf5 51. Kc3 Ke4 52. Kb4 Kd5
53. Ka5 Kc6 54. Kb4 Kb6 55. Kc3 Be2 56. Kd2 Bf3 57. Kc3 Kb5 58. Kb2 Kb4 59. Kc2
Bd5 60. Kb2 Bxb3 61. Ka1 Bd5 62. Kb2 a5 63. Ka1 Kb3 64. Kb1 a4 65. Ka1 Kc2 66.
Bd6 Nf6 67. Bb4 Ng4 68. Be1 Kb3 69. Bd2 Nf6 70. Be1 Ne4 71. Ba5 Nd6 0-1

[Event "Acropolis 2008"]
[Site "Athens"]
[Date "2008.08.13"]
[Round "5.24"]
[White "Burtasova, Anna"]
[Black "Georgiou, Kostantinos"]
[Result "0-1"]
[WhiteElo "2329"]
[BlackElo "2236"]
[PlyCount "59"]
[EventDate "2008.08.09"]

1. e4 c5 2. c3 d6 3. d4 Nf6 4. dxc5 Nc6 5. Bc4 Nxe4 6. Bxf7+ Kxf7 7. Qd5+ e6 8.
Qxe4 d5 9. Qe3 b6 10. cxb6 axb6 11. Nf3 Bc5 12. Qf4+ Kg8 13. O-O Bd6 14. Qd2
Qf6 15. Re1 Ra4 16. b4 Ra7 17. Bb2 Qg6 18. Qe3 Rf7 19. Nbd2 e5 20. b5 Bc5 21.
Qe2 Bh3 22. g3 e4 23. bxc6 Bg4 24. c7 Qf6 25. c8=Q+ Bxc8 26. Nd4 h5 27. h4 Rh6
28. Nf1 Rg6 29. Bc1 Qxh4 30. Qb5 0-1

[Event "Acropolis 2008"]
[Site "Athens"]
[Date "2008.08.13"]
[Round "5.25"]
[White "Secer, Ata"]
[Black "Pountzas, Hrisanthos"]
[Result "1-0"]
[WhiteElo "2320"]
[BlackElo "2202"]
[PlyCount "71"]
[EventDate "2008.08.09"]

1. e4 c5 2. Nf3 g6 3. d4 Bg7 4. dxc5 Qa5+ 5. c3 Qxc5 6. Na3 d6 7. Nb5 a6 8. Be3
Qc6 9. Qd5 Kf8 10. Nbd4 Qxd5 11. exd5 Nf6 12. c4 Ng4 13. Bd2 Nd7 14. Bc3 Nc5
15. h3 Ne5 16. Nxe5 Bxe5 17. b3 Bd7 18. Rc1 Kg7 19. g4 h6 20. Be2 Kh7 21. Nf3
Bf6 22. Bxf6 exf6 23. b4 Na4 24. Bd1 Nb6 25. Bb3 a5 26. c5 a4 27. cxb6 axb3 28.
axb3 f5 29. g5 hxg5 30. Nxg5+ Kg7 31. O-O Bb5 32. Rfe1 Kf6 33. f4 Rh4 34. Rc7
Rxf4 35. Nxf7 Rxb4 36. Re6+ 1-0

[Event "Acropolis 2008"]
[Site "Athens"]
[Date "2008.08.13"]
[Round "5.26"]
[White "Sandu, Mihaela"]
[Black "Stiri, Alexandra"]
[Result "0-1"]
[WhiteElo "2288"]
[BlackElo "2149"]
[PlyCount "62"]
[EventDate "2008.08.09"]

1. e4 c5 2. Nc3 e6 3. f4 a6 4. g3 b5 5. Bg2 Bb7 6. d3 Nf6 7. Qe2 b4 8. Nd1 d5
9. e5 Nfd7 10. f5 Qe7 11. fxe6 Qxe6 12. Nf3 Nc6 13. O-O f6 14. c4 Ncxe5 15.
Nxe5 Qxe5 16. Ne3 O-O-O 17. Rf5 Qe7 18. Bxd5 Bxd5 19. Rxd5 Re8 20. Bd2 g6 21.
Qg2 Nb6 22. Re1 Qb7 23. Re2 Nxd5 24. Nxd5 Bd6 25. Qf2 Rxe2 26. Qxe2 Be5 27. Be3
Re8 28. Qf2 Qc6 29. Bxc5 Bxb2 30. Bxb4 Bc1 31. Qa7 Qxd5 0-1

[Event "Acropolis 2008"]
[Site "Athens"]
[Date "2008.08.13"]
[Round "5.27"]
[White "Nikolaidis, Konstantinos"]
[Black "Iordanidou, Zoi"]
[Result "1-0"]
[WhiteElo "2279"]
[BlackElo "2060"]
[PlyCount "71"]
[EventDate "2008.08.09"]

1. d4 Nf6 2. c4 c5 3. d5 b5 4. Nf3 b4 5. a3 bxa3 6. Rxa3 d6 7. Nc3 g6 8. e4 Bg7
9. Be2 O-O 10. O-O Na6 11. Ne1 Nc7 12. f4 e6 13. Kh1 Bb7 14. Nd3 exd5 15. cxd5
Re8 16. Bf3 Nd7 17. Re1 Nb6 18. h3 Nc4 19. Ra1 Bd4 20. Kh2 Qf6 21. Qb3 Nb6 22.
Qc2 c4 23. Nf2 Ncxd5 24. Ng4 Qg7 25. Nb5 Bc5 26. Bd2 Nb4 27. Qb1 f6 28. Bc3 Rf8
29. e5 fxe5 30. fxe5 N4d5 31. Nf6+ Kh8 32. Bxd5 Bxd5 33. Ng4 Rf4 34. exd6 Bd4
35. Nxd4 Rxd4 36. Re7 1-0

[Event "Acropolis 2008"]
[Site "Athens"]
[Date "2008.08.13"]
[Round "5.28"]
[White "Stefanidi, Maria-Anna"]
[Black "Makropoulou, Marina"]
[Result "0-1"]
[WhiteElo "2095"]
[BlackElo "2244"]
[PlyCount "102"]
[EventDate "2008.08.09"]

1. e4 e5 2. Nf3 Nc6 3. Bc4 Bc5 4. c3 Nf6 5. d3 a6 6. Bb3 Ba7 7. Nbd2 d6 8. h3
O-O 9. O-O Be6 10. Bc2 h6 11. Re1 Re8 12. Nf1 d5 13. Qe2 d4 14. c4 b5 15. b3
Bc5 16. Bd2 Nd7 17. g4 Bb4 18. Ng3 Bxd2 19. Qxd2 Nf8 20. Kh2 Ng6 21. Rg1 Nf4
22. Nxe5 Nxh3 23. Nxc6 Qh4 24. Kg2 Nxg1 25. Rxg1 Bxg4 26. Kf1 Qf6 27. Nb4 c6
28. Bd1 Bxd1 29. Qxd1 g6 30. Qg4 a5 31. Nc2 bxc4 32. bxc4 Rab8 33. Nh5 Qd6 34.
Qh4 Rb1+ 35. Ne1 Reb8 36. f4 Kf8 37. e5 Qe6 38. Nf6 h5 39. Nh7+ Ke8 40. Ng5 Qf5
41. Ne4 Kf8 42. Rg5 Qe6 43. Rg3 Qe7 44. Nf6 R8b2 45. c5 Qb7 46. Qxh5 Rxe1+ 47.
Kxe1 Qb4+ 48. Kf1 Rb1+ 49. Kf2 Qe1+ 50. Kf3 Qe3+ 51. Kg2 Rg1+ 0-1

[Event "Acropolis 2008"]
[Site "Athens"]
[Date "2008.08.13"]
[Round "5.34"]
[White "Astaneh Lopez, Alex"]
[Black "Petraki, Maria"]
[Result "1-0"]
[WhiteElo "2357"]
[BlackElo "2069"]
[PlyCount "61"]
[EventDate "2008.08.09"]

1. e4 c5 2. Nf3 d6 3. Bb5+ Nd7 4. d4 cxd4 5. Qxd4 e5 6. Qd3 h6 7. c4 Ngf6 8.
O-O Be7 9. Nc3 O-O 10. Bxd7 Bxd7 11. b3 Be6 12. Rd1 Qb6 13. h3 Rad8 14. Be3 Qa5
15. Qd2 Qa6 16. Ne1 Nxe4 17. Nxe4 f5 18. Nc3 f4 19. Nd5 fxe3 20. Nxe7+ Kf7 21.
Qxe3 Kxe7 22. c5 Qa5 23. Rac1 d5 24. Qxe5 Qxa2 25. Nf3 Rf6 26. c6 bxc6 27. Rxc6
Kf7 28. Ra1 Qxb3 29. Rxe6 Rxe6 30. Rxa7+ Kf8 31. Qxg7+ 1-0

[Event "Acropolis 2008"]
[Site "Athens"]
[Date "2008.08.13"]
[Round "5.35"]
[White "Fakhiridou, Ekaterini"]
[Black "Pavlidou, Ekaterini"]
[Result "1-0"]
[WhiteElo "2274"]
[BlackElo "2034"]
[PlyCount "83"]
[EventDate "2008.08.09"]

1. e4 c5 2. Nf3 Nc6 3. d4 cxd4 4. Nxd4 Nf6 5. Nc3 e5 6. Ndb5 d6 7. Nd5 Nxd5 8.
exd5 Nb8 9. c4 a6 10. Nc3 Be7 11. Bd3 f5 12. Qh5+ g6 13. Qh6 Bf8 14. Qe3 Bg7
15. h4 h6 16. h5 g5 17. g4 O-O 18. gxf5 Bxf5 19. Bxf5 Rxf5 20. Qh3 Qd7 21. Ne4
Bf8 22. Be3 Qf7 23. Rg1 Bg7 24. Ng3 Rf3 25. Qc8+ Bf8 26. Ke2 b5 27. Rac1 bxc4
28. Rxc4 Qxd5 29. Rd1 Rxe3+ 30. fxe3 Qg2+ 31. Kd3 Qxg3 32. Qe6+ Kh8 33. Qf6+
Kg8 34. Rc7 e4+ 35. Kc2 Qh2+ 36. Kb1 Qxh5 37. Rf1 Nc6 38. Qe6+ Kh8 39. Rc8 Rxc8
40. Qxc8 Ne5 41. Qxf8+ Kh7 42. Qe7+ 1-0

[Event "Acropolis 2008"]
[Site "Athens"]
[Date "2008.08.13"]
[Round "5.38"]
[White "Pavlidis, Antonios"]
[Black "Skiadopoulos, Nikolaos"]
[Result "1-0"]
[WhiteElo "2266"]
[BlackElo "2210"]
[PlyCount "63"]
[EventDate "2008.08.09"]

1. e4 b6 2. d4 Bb7 3. Bd3 Nf6 4. Qe2 e6 5. Nf3 c5 6. Nc3 cxd4 7. Nxd4 Nc6 8.
Be3 Bb4 9. O-O Ne5 10. f4 Neg4 11. e5 Nxe3 12. Qxe3 Bxc3 13. bxc3 Nd5 14. Qg3
g6 15. Nb5 O-O 16. Nd6 Bc6 17. h4 Qe7 18. h5 Kh8 19. Qh2 Rg8 20. Rf3 f5 21. c4
Nf6 22. Qh4 g5 23. fxg5 Ng4 24. Qxg4 fxg4 25. Rf7 Qxf7 26. Nxf7+ Kg7 27. Nh6
Rgf8 28. Nxg4 Rf4 29. h6+ Kg8 30. Nf6+ Kh8 31. Re1 Rf8 32. Nxh7 1-0

[Event "Acropolis 2008"]
[Site "Athens"]
[Date "2008.08.13"]
[Round "5.39"]
[White "Filippas, Sebastian"]
[Black "Papadopoulou, Vera"]
[Result "0-1"]
[WhiteElo "2240"]
[BlackElo "2210"]
[PlyCount "62"]
[EventDate "2008.08.09"]

1. e4 c5 2. b3 Nf6 3. Nc3 d6 4. Bb2 Nc6 5. Bb5 Bd7 6. f4 Qb6 7. Bxc6 Bxc6 8.
Qe2 h6 9. Nf3 O-O-O 10. O-O-O e6 11. Kb1 Rg8 12. Rhf1 Kb8 13. g3 a6 14. d4 d5
15. exd5 exd5 16. Qg2 c4 17. Ne5 Bb4 18. Nxf7 Rc8 19. Ne5 Rgd8 20. Rf3 Be8 21.
Re3 a5 22. Ne2 Bd6 23. Nc3 Bb4 24. bxc4 dxc4 25. Qe2 Ba3 26. Na4 Bxa4 27. Rxa3
c3 28. Nd3 Re8 29. Qf1 Re3 30. Qf2 Rxd3 31. cxd3 c2+ 0-1

[Event "Acropolis 2008"]
[Site "Athens"]
[Date "2008.08.13"]
[Round "5.41"]
[White "Nathanail, Emanouel"]
[Black "Kokolias, Konstantinos"]
[Result "0-1"]
[WhiteElo "2219"]
[BlackElo "2197"]
[PlyCount "50"]
[EventDate "2008.08.09"]

1. d4 d5 2. c4 c6 3. cxd5 cxd5 4. Nc3 e5 5. dxe5 d4 6. Qa4+ Nc6 7. Nb5 a6 8.
Nf3 Be6 9. Nd6+ Bxd6 10. exd6 Qxd6 11. g3 Rd8 12. a3 Nf6 13. Bf4 Qd5 14. Bg2
O-O 15. O-O Qc4 16. Qd1 Qb5 17. b4 Bc4 18. Re1 Rfe8 19. Bf1 Ne4 20. Bd2 Qf5 21.
Qb1 d3 22. Kg2 dxe2 23. Bxe2 Rxd2 24. Nxd2 Qxf2+ 25. Kh1 Bxe2 0-1

[Event "Acropolis 2008"]
[Site "Athens"]
[Date "2008.08.14"]
[Round "6.4"]
[White "Romanishin, Oleg M"]
[Black "Dzagnidze, Nana"]
[Result "1/2-1/2"]
[WhiteElo "2530"]
[BlackElo "2458"]
[PlyCount "60"]
[EventDate "2008.08.09"]

1. d4 Nf6 2. Nf3 e6 3. g3 b5 4. Bg5 Bb7 5. Bxf6 gxf6 6. Bg2 c5 7. c3 cxd4 8.
cxd4 Bb4+ 9. Nc3 Bxc3+ 10. bxc3 d5 11. O-O Nd7 12. Rb1 Bc6 13. Nd2 Qc7 14. e4
dxe4 15. Bxe4 f5 16. Bxc6 Qxc6 17. Qe2 a6 18. c4 bxc4 19. Nxc4 O-O 20. Ne5 Qd5
21. Qe3 Kh8 22. Nxd7 Qxd7 23. Qe5+ Kg8 24. Rfd1 Rfd8 25. h4 Qd5 26. Qf4 Qe4 27.
Qg5+ Kf8 28. Qf6 Kg8 29. Qg5+ Kf8 30. Qf6 Kg8 1/2-1/2

[Event "Acropolis 2008"]
[Site "Athens"]
[Date "2008.08.14"]
[Round "6.5"]
[White "Maric, Alisa"]
[Black "Zubarev, Alexander"]
[Result "1/2-1/2"]
[WhiteElo "2412"]
[BlackElo "2517"]
[PlyCount "118"]
[EventDate "2008.08.09"]

1. Nf3 c5 2. c4 g6 3. d4 cxd4 4. Nxd4 Bg7 5. e4 Nc6 6. Be3 Nf6 7. Nc3 O-O 8.
Be2 b6 9. O-O Bb7 10. f3 e6 11. Nxc6 Bxc6 12. Qd6 Ne8 13. Qd2 f5 14. exf5 gxf5
15. Rfd1 Qf6 16. Rac1 Qg6 17. b4 Rf7 18. Kh1 Be5 19. Bf4 Rg7 20. Bf1 Bxf4 21.
Qxf4 Nf6 22. Rd3 Nh5 23. Qd2 Nf6 24. Re1 Kh8 25. Qf4 Rc8 26. Red1 h6 27. R1d2
Kh7 28. a3 Rf7 29. Rd1 Qg5 30. Qxg5 hxg5 31. Kg1 Kg7 32. a4 d5 33. cxd5 Nxd5
34. Nxd5 Bxd5 35. a5 bxa5 36. bxa5 Rc5 37. a6 Rfc7 38. R3d2 Kf6 39. Bd3 Rc3 40.
Ra1 Rb3 41. Kf2 Rcc3 42. Be2 Rb4 43. Ke1 Rh4 44. h3 Rb4 45. Kf2 Ke5 46. Ra5 Kd6
47. Rb5 Rxb5 48. Bxb5 f4 49. Be2 e5 50. Rb2 Ra3 51. Rb8 Ra2 52. Rd8+ Kc5 53.
Rc8+ Kb6 54. Kf1 e4 55. fxe4 Bxe4 56. Re8 Bc6 57. Re5 Ra5 58. Re6 Kc7 59. Re7+
Kb6 1/2-1/2

[Event "Acropolis 2008"]
[Site "Athens"]
[Date "2008.08.14"]
[Round "6.6"]
[White "Zhukova, Natalia"]
[Black "Graf, Alexander"]
[Result "1/2-1/2"]
[WhiteElo "2489"]
[BlackElo "2621"]
[PlyCount "120"]
[EventDate "2008.08.09"]

1. d4 e6 2. c4 Bb4+ 3. Nd2 b6 4. a3 Be7 5. e4 d5 6. Ngf3 dxe4 7. Nxe4 Bb7 8.
Bd3 Nc6 9. Be3 Nf6 10. Nxf6+ Bxf6 11. Be4 Na5 12. Bxb7 Nxb7 13. Qc2 O-O 14. Rd1
Nd6 15. Bf4 Qe8 16. O-O Qc6 17. Rc1 a5 18. a4 Rac8 19. Rfe1 Rfe8 20. b3 Qd7 21.
Rcd1 Nf5 22. d5 exd5 23. Rxe8+ Rxe8 24. Rxd5 Qe7 25. h3 g6 26. c5 Qe6 27. Qc4
c6 28. Rxf5 Qxf5 29. cxb6 Re4 30. b7 Qxf4 31. b8=Q+ Qxb8 32. Qxe4 Qxb3 33. Qxc6
Kg7 34. g4 Bd8 35. Kg2 Bb6 36. Qe4 Qb2 37. Qe5+ Qxe5 38. Nxe5 Bc7 39. Nc4 Kf6
40. Kf3 Kg5 41. Ne3 Kh4 42. Kg2 h5 43. Nd5 Bd6 44. gxh5 Kxh5 45. Nf6+ Kh4 46.
Ne4 Bc7 47. Nd2 Kg5 48. Kf3 Kh4 49. Kg2 Bd6 50. Nf3+ Kh5 51. Kf1 f6 52. Ke2 g5
53. Nd4 Bc5 54. Nf3 Kg6 55. Nd2 Kf5 56. Nc4 Bb4 57. Ke3 Ke6 58. Kd4 Be1 59. f3
Bb4 60. Ke4 Be1 1/2-1/2